[Event "Winnipeg TNT July op"]
[Site "Winnipeg CAN"]
[Date "2007.07.03"]
[Round "1"]
[White "Kwiatek, Jordan"]
[Black "Pang, Michael"]
[Result "0-1"]
[WhiteElo "1879"]
[BlackElo "1220"]
[PlyCount "86"]
[GameId "2160767910667591"]
[EventDate "2007.07.03"]
[EventType "swiss"]
[EventRounds "5"]
[EventCountry "CAN"]
[SourceTitle "EXT 2019"]
[Source "ChessBase"]
[SourceDate "2018.10.10"]
[SourceVersion "1"]
[SourceVersionDate "2018.10.10"]
[SourceQuality "1"]

1. d4 d5 2. c4 e6 3. Nc3 Nf6 4. cxd5 exd5 5. Bg5 Be7 6. Qc2 Nc6 7. e3 O-O 8. a3 Re8 9. Bd3 g6 10. Nge2 Ng4 11. Bf4 Bg5 12. Bxg5 Qxg5 13. O-O Rxe3 14. Nxd5 Qxd5 15. Nf4 Qxd4 16. fxe3 Nxe3 17. Qe2 Nxf1+ 18. Kh1 Qxf4 19. Qe8+ Kg7 20. Rxf1 Qe5 21. Rxf7+ Kh6 22. Qf8+ Kg5 23. h4+ Kg4 24. Be2+ Qxe2 25. Rf4+ Kg3 26. Rf3+ Kxh4 27. Qh6+ Kg4 28. Qh3+ Kg5 29. Rg3+ Bg4 30. Qxh7 Qe5 31. Rxg4+ Kxg4 32. Qxg6+ Qg5 33. Qe6+ Kh5 34. Qf7+ Kh4 35. Qh7+ Kg4 36. Qe4+ Qf4 37. Qg6+ Kh4 38. Qh7+ Kg5 39. Qg7+ Kf5 40. Qf7+ Ke4 41. Qh7+ Kd5 42. Qd7+ Kc5 43. b4+ Kb6 0-1

[Event "Winnipeg TNT July op"]
[Site "Winnipeg CAN"]
[Date "2007.07.03"]
[Round "1"]
[White "Lauritson, Jim"]
[Black "Lange, John"]
[Result "1-0"]
[WhiteElo "1929"]
[BlackElo "1379"]
[PlyCount "29"]
[GameId "2160767910667592"]
[EventDate "2007.07.03"]
[EventType "swiss"]
[EventRounds "5"]
[EventCountry "CAN"]
[SourceTitle "EXT 2019"]
[Source "ChessBase"]
[SourceDate "2018.10.10"]
[SourceVersion "1"]
[SourceVersionDate "2018.10.10"]
[SourceQuality "1"]

1. d4 c6 2. c4 d5 3. Nf3 Nd7 4. Nc3 Ngf6 5. Bf4 e6 6. e3 Bb4 7. Bd3 Ne4 8. Bxe4 dxe4 9. Nd2 f5 10. Qh5+ g6 11. Qh6 Bf8 12. Qh3 g5 13. Qh5+ Ke7 14. Bxg5+ Nf6 15. Bxf6+ 1-0

[Event "Winnipeg TNT July op"]
[Site "Winnipeg CAN"]
[Date "2007.07.03"]
[Round "1"]
[White "Magnusson, Saul"]
[Black "Pottinger, Carl"]
[Result "0-1"]
[WhiteElo "915"]
[BlackElo "1856"]
[PlyCount "72"]
[GameId "2160767910667593"]
[EventDate "2007.07.03"]
[EventType "swiss"]
[EventRounds "5"]
[EventCountry "CAN"]
[SourceTitle "EXT 2019"]
[Source "ChessBase"]
[SourceDate "2018.10.10"]
[SourceVersion "1"]
[SourceVersionDate "2018.10.10"]
[SourceQuality "1"]

1. e4 c5 2. Nf3 d6 3. c3 Nc6 4. d4 cxd4 5. cxd4 g6 6. Nc3 Bg7 7. d5 Ne5 8. Nxe5 Bxe5 9. Bb5+ Bd7 10. Bxd7+ Qxd7 11. O-O Nf6 12. Be3 Ng4 13. g3 Nxe3 14. fxe3 Bxc3 15. bxc3 O-O 16. Qd4 f6 17. a4 Qc7 18. h4 Rac8 19. Rac1 Qc4 20. Rf2 Qxd4 21. exd4 Rc4 22. Ra2 Rfc8 23. Ra3 Rxd4 24. cxd4 Rxc1+ 25. Kf2 Kg7 26. Ke3 h6 27. Kd2 Rc7 28. Rc3 Rxc3 29. Kxc3 g5 30. h5 g4 31. Kb4 a6 32. Kc4 f5 33. e5 f4 34. Kd3 f3 35. Ke3 b5 36. axb5 axb5 0-1

[Event "Winnipeg TNT July op"]
[Site "Winnipeg CAN"]
[Date "2007.07.03"]
[Round "1"]
[White "Tang, Edward"]
[Black "Atem, James"]
[Result "1/2-1/2"]
[WhiteElo "2059"]
[BlackElo "1731"]
[PlyCount "140"]
[GameId "2160767910667594"]
[EventDate "2007.07.03"]
[EventType "swiss"]
[EventRounds "5"]
[EventCountry "CAN"]
[SourceTitle "EXT 2019"]
[Source "ChessBase"]
[SourceDate "2018.10.10"]
[SourceVersion "1"]
[SourceVersionDate "2018.10.10"]
[SourceQuality "1"]

1. d4 e6 2. c4 c6 3. e4 Be7 4. Nf3 Nf6 5. e5 Ng8 6. Bd3 d6 7. O-O b6 8. Nc3 Na6 9. exd6 Qxd6 10. d5 Nc5 11. Re1 Nf6 12. b4 Nxd3 13. Qxd3 O-O 14. Bg5 cxd5 15. cxd5 Qxb4 16. Rab1 Qg4 17. h3 Qh5 18. Bxf6 Bxf6 19. Ne4 Qg6 20. Nxf6+ Qxf6 21. Rb4 Bb7 22. Ne5 Rad8 23. d6 h5 24. d7 Qg5 25. f3 Qg3 26. Re3 g6 27. a4 Kg7 28. Qd4 f6 29. Nd3 Bd5 30. Nf4 Rxd7 31. Qd3 Kf7 32. Rd4 Rfd8 33. Re2 Bc6 34. Nxe6 Rxd4 35. Nxd4 Qd6 36. Qc4+ Bd5 37. Qa6 Rd7 38. Qb5 Bb7 39. Nc2 Qc5+ 40. Qxc5 bxc5 41. Na3 Rd4 42. Nb5 Rd1+ 43. Kf2 Ba6 44. Rc2 Bxb5 45. axb5 Rd5 46. Ke3 Ke6 47. Ra2 Rd7 48. Ra6+ Kd5 49. Rxf6 Kc4 50. b6 axb6 51. Rxb6 g5 52. Rg6 Rd5 53. Rh6 h4 54. Rb6 Kc3 55. f4 gxf4+ 56. Kxf4 c4 57. Rh6 Kd3 58. g4 hxg3 59. Kxg3 c3 60. Rc6 c2 61. Kg4 Kd2 62. h4 c1=Q 63. Rxc1 Kxc1 64. h5 Kd2 65. h6 Rd8 66. Kg5 Ke3 67. h7 Ke4 68. Kg6 Ke5 69. Kg7 Rd7+ 70. Kg8 Rd8+ 1/2-1/2

[Event "Winnipeg TNT July op"]
[Site "Winnipeg CAN"]
[Date "2007.07.10"]
[Round "2"]
[White "Atem, James"]
[Black "Kwiatek, Jordan"]
[Result "1-0"]
[WhiteElo "1731"]
[BlackElo "1879"]
[PlyCount "63"]
[GameId "2160767910667596"]
[EventDate "2007.07.03"]
[EventType "swiss"]
[EventRounds "5"]
[EventCountry "CAN"]
[SourceTitle "EXT 2019"]
[Source "ChessBase"]
[SourceDate "2018.10.10"]
[SourceVersion "1"]
[SourceVersionDate "2018.10.10"]
[SourceQuality "1"]

1. e4 e6 2. d4 d5 3. e5 c5 4. c3 Qb6 5. Nf3 Bd7 6. Bd3 Bb5 7. O-O Bxd3 8. Qxd3 c4 9. Qc2 Ne7 10. g3 h5 11. Nh4 Nbc6 12. b3 cxb3 13. axb3 Rc8 14. Qa2 a6 15. Be3 g6 16. Nd2 Nf5 17. Nxf5 gxf5 18. Nf3 Ne7 19. c4 Rh7 20. Rfc1 h4 21. cxd5 Rxc1+ 22. Rxc1 hxg3 23. Qa4+ Kd8 24. fxg3 Nxd5 25. Bg5+ Be7 26. Bxe7+ Kxe7 27. Rc8 Nc7 28. Qa3+ Kd7 29. Qf8 Qa5 30. Qd8+ Kc6 31. Qd6+ Kb5 32. Qc5# 1-0

[Event "Winnipeg TNT July op"]
[Site "Winnipeg CAN"]
[Date "2007.07.10"]
[Round "2"]
[White "Gibson, Fred"]
[Black "Campbell, Gary"]
[Result "0-1"]
[WhiteElo "1334"]
[BlackElo "1710"]
[PlyCount "58"]
[GameId "2160767910667597"]
[EventDate "2007.07.03"]
[EventType "swiss"]
[EventRounds "5"]
[EventCountry "CAN"]
[SourceTitle "EXT 2019"]
[Source "ChessBase"]
[SourceDate "2018.10.10"]
[SourceVersion "1"]
[SourceVersionDate "2018.10.10"]
[SourceQuality "1"]

1. f4 Nf6 2. Nf3 d5 3. e3 c5 4. c4 d4 5. Bd3 Nc6 6. O-O Nb4 7. Ne5 dxe3 8. dxe3 Nxd3 9. Qxd3 Qxd3 10. Nxd3 Ne4 11. Nd2 Nxd2 12. Bxd2 b6 13. b3 Bb7 14. Rad1 Rd8 15. Bc3 f6 16. Rd2 e6 17. Nf2 Rxd2 18. Bxd2 e5 19. e4 exf4 20. Bxf4 Be7 21. Rd1 Bc6 22. e5 fxe5 23. Bxe5 Kf7 24. Ng4 Rd8 25. Bd4 Bf6 26. Bxf6 Rxd1+ 27. Kf2 gxf6 28. g3 Rd2+ 29. Ke3 Rxa2 0-1

[Event "Winnipeg TNT July op"]
[Site "Winnipeg CAN"]
[Date "2007.07.10"]
[Round "2"]
[White "Goodman, Clifford"]
[Black "Boron, Anthony"]
[Result "1/2-1/2"]
[WhiteElo "1564"]
[BlackElo "1962"]
[PlyCount "81"]
[GameId "2160767910667598"]
[EventDate "2007.07.03"]
[EventType "swiss"]
[EventRounds "5"]
[EventCountry "CAN"]
[SourceTitle "EXT 2019"]
[Source "ChessBase"]
[SourceDate "2018.10.10"]
[SourceVersion "1"]
[SourceVersionDate "2018.10.10"]
[SourceQuality "1"]

1. Nf3 c5 2. c4 Nc6 3. Nc3 Nf6 4. g3 g6 5. Bg2 Bg7 6. O-O O-O 7. a3 d6 8. d3 Rb8 9. Bg5 h6 10. Bd2 Bd7 11. Rb1 Qc8 12. b4 cxb4 13. axb4 Bh3 14. b5 Bxg2 15. Kxg2 Ne5 16. Nxe5 dxe5 17. Qa4 Ra8 18. Rfc1 b6 19. Ra1 e6 20. Qa6 Qd7 21. f3 Qd4 22. Be1 Rfc8 23. Bf2 Qd7 24. Qa4 Bf8 25. Qc2 Bc5 26. Bxc5 Rxc5 27. Ra6 Rc7 28. Rca1 Qd4 29. R1a3 Nd7 30. Qa2 Kg7 31. Na4 g5 32. Qa1 Qe3 33. Ra2 Kg6 34. Qg1 Qxg1+ 35. Kxg1 Rb8 36. Kf2 Rbb7 37. Nc3 Nc5 38. R6a3 f5 39. Na4 Nd7 40. Nc3 Nc5 41. Na4 1/2-1/2

[Event "Winnipeg TNT July op"]
[Site "Winnipeg CAN"]
[Date "2007.07.10"]
[Round "2"]
[White "Kaptsan, Aron"]
[Black "Rutter, Blair"]
[Result "1/2-1/2"]
[WhiteElo "2058"]
[BlackElo "1889"]
[PlyCount "103"]
[GameId "2160767910667599"]
[EventDate "2007.07.03"]
[EventType "swiss"]
[EventRounds "5"]
[EventCountry "CAN"]
[SourceTitle "EXT 2019"]
[Source "ChessBase"]
[SourceDate "2018.10.10"]
[SourceVersion "1"]
[SourceVersionDate "2018.10.10"]
[SourceQuality "1"]

1. e4 e6 2. d4 d5 3. Nd2 Nf6 4. e5 Nfd7 5. f4 c5 6. c3 Nc6 7. Ngf3 Qb6 8. Nb3 cxd4 9. cxd4 Be7 10. Bd3 Nf8 11. O-O Bd7 12. Kh1 Na5 13. Nxa5 Qxa5 14. Qe2 Rc8 15. Be3 Ng6 16. Nd2 f5 17. exf6 Bxf6 18. f5 Ne7 19. fxe6 Bxe6 20. Nb3 Qb6 21. Nc5 O-O 22. Bf2 Rc6 23. Rae1 Bc8 24. Qd2 Nf5 25. b4 a6 26. a4 Qd8 27. b5 axb5 28. axb5 Rc7 29. Bxf5 Bxf5 30. Bg3 Bg5 31. Qa5 Rcf7 32. Qxd8 Rxd8 33. Nxb7 Rxb7 34. Rxf5 Bf6 35. b6 Kf7 36. Bc7 Rd7 37. Rd1 Kg6 38. g4 Bd8 39. Bxd8 Rxd8 40. Rb1 Rd6 41. Kg2 Kh6 42. Kg3 g6 43. Re5 Kg7 44. g5 h6 45. h4 h5 46. Rb5 Rdxb6 47. Rxb6 Rxb6 48. Rxd5 Kf7 49. Kf4 Ke6 50. Rc5 Kd6 51. Ke4 Rb1 52. Ra5 1/2-1/2

[Event "Winnipeg TNT July op"]
[Site "Winnipeg CAN"]
[Date "2007.07.10"]
[Round "2"]
[White "Liu, Weixi"]
[Black "Magnusson, Saul"]
[Result "1-0"]
[WhiteElo "1807"]
[BlackElo "915"]
[PlyCount "43"]
[GameId "2160767910667600"]
[EventDate "2007.07.03"]
[EventType "swiss"]
[EventRounds "5"]
[EventCountry "CAN"]
[SourceTitle "EXT 2019"]
[Source "ChessBase"]
[SourceDate "2018.10.10"]
[SourceVersion "1"]
[SourceVersionDate "2018.10.10"]
[SourceQuality "1"]

1. d4 d5 2. c4 e6 3. Nf3 Nf6 4. Bg5 Be7 5. e3 Ne4 6. Bxe7 Qxe7 7. Nc3 Nxc3 8. bxc3 c6 9. Qc2 Nd7 10. cxd5 exd5 11. Bd3 h6 12. O-O Nf6 13. Rab1 Ne4 14. Ne5 f6 15. Ng6 Qe6 16. Nxh8 g5 17. c4 f5 18. cxd5 cxd5 19. Bxe4 fxe4 20. Qc7 g4 21. Qe5 g3 22. Qxe6+ 1-0

[Event "Winnipeg TNT July op"]
[Site "Winnipeg CAN"]
[Date "2007.07.10"]
[Round "2"]
[White "Pang, Michael"]
[Black "Nikouline, Alexandre"]
[Result "0-1"]
[WhiteElo "1220"]
[BlackElo "2118"]
[PlyCount "68"]
[GameId "2160767910667601"]
[EventDate "2007.07.03"]
[EventType "swiss"]
[EventRounds "5"]
[EventCountry "CAN"]
[SourceTitle "EXT 2019"]
[Source "ChessBase"]
[SourceDate "2018.10.10"]
[SourceVersion "1"]
[SourceVersionDate "2018.10.10"]
[SourceQuality "1"]

1. d4 Nf6 2. c4 e6 3. Nc3 Bb4 4. Bd2 O-O 5. Nf3 b6 6. a3 Be7 7. e4 Bb7 8. Bd3 d5 9. cxd5 exd5 10. e5 Ne4 11. O-O c5 12. Be3 f5 13. Nd2 Nc6 14. Ndxe4 fxe4 15. Bb5 Nxd4 16. Bxd4 cxd4 17. Qxd4 Bc5 18. Qd2 d4 19. Bc4+ Kh8 20. Na4 Bd5 21. b3 Bxc4 22. bxc4 Qe7 23. Rae1 Qxe5 24. Nxc5 bxc5 25. f4 Qe6 26. Qc2 e3 27. f5 Qe5 28. g4 Rae8 29. Re2 Qe4 30. h3 d3 31. Rxe3 Qxe3+ 32. Qf2 d2 33. Rd1 Qe1+ 34. Qf1 Qg3+ 0-1

[Event "Winnipeg TNT July op"]
[Site "Winnipeg CAN"]
[Date "2007.07.10"]
[Round "2"]
[White "Pottinger, Carl"]
[Black "Khedkar, Jay S"]
[Result "0-1"]
[WhiteElo "1856"]
[BlackElo "2005"]
[PlyCount "84"]
[GameId "2160767910667602"]
[EventDate "2007.07.03"]
[EventType "swiss"]
[EventRounds "5"]
[EventCountry "CAN"]
[SourceTitle "EXT 2019"]
[Source "ChessBase"]
[SourceDate "2018.10.10"]
[SourceVersion "1"]
[SourceVersionDate "2018.10.10"]
[SourceQuality "1"]

1. c4 e6 2. g3 Nf6 3. Bg2 d5 4. cxd5 exd5 5. d4 c6 6. Nf3 Bd6 7. O-O Nbd7 8. Nc3 O-O 9. Bg5 h6 10. Bxf6 Nxf6 11. Ne5 Ng4 12. Nxg4 Bxg4 13. Qc2 Qf6 14. e3 Rfe8 15. a3 Rad8 16. b4 Bf5 17. Qd2 a6 18. Na4 Qg6 19. Nc5 b6 20. Nb7 Rd7 21. Nxd6 Rxd6 22. Rfc1 h5 23. h4 Be4 24. Bxe4 Rxe4 25. Kf1 Rf6 26. Ke1 Qf5 27. Ra2 Qf3 28. Qe2 Qg2 29. Rc3 g6 30. Qf1 Qf3 31. Re2 Rg4 32. Qg1 Rxd4 33. Rcc2 Rd3 34. Qf1 Rxa3 35. Kd2 Qe4 36. Qc1 Qxb4+ 37. Kd1 Rd3+ 38. Rcd2 Rb3 39. Rb2 c5 40. Qa1 b5 41. Rxb3 Qxb3+ 42. Rc2 Rxf2 0-1

[Event "Winnipeg TNT July op"]
[Site "Winnipeg CAN"]
[Date "2007.07.10"]
[Round "2"]
[White "Raihman, Daniel"]
[Black "Lauritson, Jim"]
[Result "0-1"]
[WhiteElo "1781"]
[BlackElo "1929"]
[PlyCount "62"]
[GameId "2160767910667603"]
[EventDate "2007.07.03"]
[EventType "swiss"]
[EventRounds "5"]
[EventCountry "CAN"]
[SourceTitle "EXT 2019"]
[Source "ChessBase"]
[SourceDate "2018.10.10"]
[SourceVersion "1"]
[SourceVersionDate "2018.10.10"]
[SourceQuality "1"]

1. e4 c5 2. Nf3 e6 3. d4 cxd4 4. Nxd4 Nc6 5. Nc3 a6 6. Be3 Qc7 7. Qd2 Nf6 8. f3 Bb4 9. Nb3 d6 10. g4 Ne5 11. Be2 Nexg4 12. Bd4 Ne5 13. a3 Bxc3 14. Bxc3 Bd7 15. O-O-O Ke7 16. Bb4 Ne8 17. Na5 Nc6 18. Nxc6+ Bxc6 19. e5 Bd5 20. exd6+ Nxd6 21. Qg5+ Kf8 22. Rhg1 Rg8 23. Qe5 Rd8 24. Bxd6+ Rxd6 25. Kb1 f6 26. Qf4 e5 27. Qb4 a5 28. Qd2 Ba2+ 29. Kxa2 Rxd2 30. Rxd2 g6 31. Bb5 Qc5 0-1

[Event "Winnipeg TNT July op"]
[Site "Winnipeg CAN"]
[Date "2007.07.10"]
[Round "2"]
[White "Raihman, Igal"]
[Black "Lipic, Stephen"]
[Result "1-0"]
[WhiteElo "1978"]
[BlackElo "1636"]
[PlyCount "109"]
[GameId "2160767910667604"]
[EventDate "2007.07.03"]
[EventType "swiss"]
[EventRounds "5"]
[EventCountry "CAN"]
[SourceTitle "EXT 2019"]
[Source "ChessBase"]
[SourceDate "2018.10.10"]
[SourceVersion "1"]
[SourceVersionDate "2018.10.10"]
[SourceQuality "1"]

1. e4 c6 2. d4 d5 3. exd5 cxd5 4. c4 Nf6 5. Nc3 a6 6. Nf3 Bg4 7. Qb3 Ra7 8. Nxd5 Bxf3 9. Nxf6+ exf6 10. gxf3 Qxd4 11. Be3 Qe5 12. O-O-O Bc5 13. Bxc5 Qxc5 14. Re1+ Kf8 15. Qd3 Nc6 16. Qd5 b6 17. Bh3 g6 18. Rd1 Kg7 19. Qxc5 bxc5 20. Rd5 Ne5 21. f4 Nxc4 22. Rxc5 Nd6 23. Re1 f5 24. Rd5 Ne4 25. f3 Nf6 26. Rd4 Rc8+ 27. Kb1 Rb7 28. Rg1 Rc5 29. Rc1 Rcb5 30. b3 Rb4 31. Rcc4 a5 32. Bf1 Rxc4 33. Bxc4 a4 34. Ba6 Ra7 35. Rxa4 Nd5 36. Kb2 Nxf4 37. Rxf4 Rxa6 38. a4 Kf6 39. Rb4 h5 40. Kc2 Ke5 41. f4+ Kd5 42. Kd3 f6 43. Rb5+ Ke6 44. a5 Kd6 45. b4 Kc6 46. Kc4 h4 47. Rxf5 gxf5 48. b5+ Kb7 49. bxa6+ Kxa6 50. Kd5 Kxa5 51. Ke6 Kb5 52. Kxf6 Kc4 53. Kxf5 Kd3 54. Kg5 Ke4 55. h3 1-0

[Event "Winnipeg TNT July op"]
[Site "Winnipeg CAN"]
[Date "2007.07.10"]
[Round "2"]
[White "Trueman, Francis"]
[Black "Tang, Edward"]
[Result "0-1"]
[WhiteElo "1515"]
[BlackElo "2059"]
[PlyCount "53"]
[GameId "2160767910667605"]
[EventDate "2007.07.03"]
[EventType "swiss"]
[EventRounds "5"]
[EventCountry "CAN"]
[SourceTitle "EXT 2019"]
[Source "ChessBase"]
[SourceDate "2018.10.10"]
[SourceVersion "1"]
[SourceVersionDate "2018.10.10"]
[SourceQuality "1"]

1. Nf3 g6 2. g3 Bg7 3. Bg2 e5 4. d3 Ne7 5. O-O d6 6. Nbd2 O-O 7. e4 c5 8. a4 Nbc6 9. c3 h6 10. h4 f5 11. exf5 gxf5 12. Nh2 d5 13. Kh1 Be6 14. Rg1 Qd7 15. Ndf1 Kh8 16. Bh3 Ng8 17. g4 f4 18. Bg2 Qe7 19. g5 hxg5 20. hxg5 Qxg5 21. Bh3 Qh6 22. Bxe6 Qxe6 23. Qh5+ Qh6 24. Qf3 Nf6 25. Ng3 Qh3 26. Bxf4 exf4 27. Qxf4 0-1

[Event "Winnipeg TNT July op"]
[Site "Winnipeg CAN"]
[Date "2007.07.10"]
[Round "2"]
[White "Van Wyk, Joseph"]
[Black "Zhou, Lu"]
[Result "1/2-1/2"]
[WhiteElo "1905"]
[BlackElo "1849"]
[PlyCount "48"]
[GameId "2160767910667606"]
[EventDate "2007.07.03"]
[EventType "swiss"]
[EventRounds "5"]
[EventCountry "CAN"]
[SourceTitle "EXT 2019"]
[Source "ChessBase"]
[SourceDate "2018.10.10"]
[SourceVersion "1"]
[SourceVersionDate "2018.10.10"]
[SourceQuality "1"]

1. e4 e6 2. c4 c5 3. Nc3 Nc6 4. Nge2 Nf6 5. d4 cxd4 6. Nxd4 Bb4 7. Nxc6 Bxc3+ 8. bxc3 bxc6 9. Bd3 Qa5 10. Bd2 Ba6 11. Qe2 e5 12. O-O O-O 13. Kh1 Rfe8 14. g4 d6 15. Rg1 Nd7 16. Rg3 Nc5 17. Bc2 d5 18. exd5 cxd5 19. g5 g6 20. Rh3 dxc4 21. Rxh7 Kxh7 22. Qh5+ Kg8 23. Bxg6 fxg6 24. Qxg6+ Kh8 1/2-1/2

[Event "Winnipeg TNT July op"]
[Site "Winnipeg CAN"]
[Date "2007.07.17"]
[Round "3"]
[White "Atem, James"]
[Black "Kaptsan, Aron"]
[Result "0-1"]
[WhiteElo "1731"]
[BlackElo "2058"]
[PlyCount "120"]
[GameId "2160767910667607"]
[EventDate "2007.07.03"]
[EventType "swiss"]
[EventRounds "5"]
[EventCountry "CAN"]
[SourceTitle "EXT 2019"]
[Source "ChessBase"]
[SourceDate "2018.10.10"]
[SourceVersion "1"]
[SourceVersionDate "2018.10.10"]
[SourceQuality "1"]

1. e4 e5 2. Nc3 Nf6 3. d3 d5 4. Bg5 dxe4 5. Nxe4 Be7 6. Bxf6 Bxf6 7. c3 O-O 8. Be2 Be7 9. Nf3 Nc6 10. Qb3 Rb8 11. O-O Be6 12. Qa4 f6 13. Rad1 Qd7 14. Qc2 Rbd8 15. d4 exd4 16. Nxd4 Nxd4 17. Rxd4 Qc8 18. Rfd1 Rxd4 19. Rxd4 Rd8 20. Rxd8+ Qxd8 21. Qa4 a6 22. h3 Kf7 23. Bc4 Bxc4 24. Qxc4+ Kf8 25. Qe6 Qe8 26. b4 Bd6 27. Qf5 h6 28. g3 Be5 29. Nc5 Bxc3 30. a3 Bb2 31. Ne6+ Kf7 32. Nxc7 Qc6 33. Nd5 Bxa3 34. Nf4 Bxb4 35. Qh7 Qd6 36. Qg6+ Kf8 37. Qe4 b5 38. h4 Bc5 39. Kg2 g5 40. Ng6+ Kf7 41. h5 b4 42. f4 Qd4 43. Qb7+ Ke6 44. Qxa6+ Kd5 45. Kh3 b3 46. fxg5 fxg5 47. Qb5 b2 48. Ne7+ Ke6 49. Ng8 Qb4 50. Qe8+ Kd6 51. Nf6 b1=Q 52. Qd7+ Ke5 53. Ng4+ Qxg4+ 54. Qxg4 Qf5 55. Qxf5+ Kxf5 56. g4+ Kf4 57. Kh2 Kxg4 58. Kg2 Kxh5 59. Kg3 Bd6+ 60. Kh3 g4+ 0-1

[Event "Winnipeg TNT July op"]
[Site "Winnipeg CAN"]
[Date "2007.07.17"]
[Round "3"]
[White "Boron, Anthony"]
[Black "Lange, John"]
[Result "1-0"]
[WhiteElo "1962"]
[BlackElo "1379"]
[PlyCount "85"]
[GameId "2160767910667608"]
[EventDate "2007.07.03"]
[EventType "swiss"]
[EventRounds "5"]
[EventCountry "CAN"]
[SourceTitle "EXT 2019"]
[Source "ChessBase"]
[SourceDate "2018.10.10"]
[SourceVersion "1"]
[SourceVersionDate "2018.10.10"]
[SourceQuality "1"]

1. e4 e6 2. d3 d5 3. Nd2 c5 4. Ngf3 Nc6 5. g3 Bd6 6. Bg2 Nge7 7. O-O O-O 8. Re1 Qc7 9. b3 b6 10. a4 Bb7 11. Bb2 d4 12. Nc4 Ng6 13. h4 Be7 14. Bc1 Ba6 15. h5 Bxc4 16. hxg6 Ba6 17. gxh7+ Kxh7 18. Ng5+ Bxg5 19. Bxg5 Rh8 20. e5 Bb7 21. Bf4 Nb4 22. f3 Bc6 23. Kf2 Kg8 24. Qd2 Nd5 25. Rh1 Rxh1 26. Rxh1 Ne7 27. Qe1 Ng6 28. Bh3 Rd8 29. Bg4 Rd5 30. Rh5 a6 31. Rg5 Qe7 32. Bh5 Nxf4 33. gxf4 Be8 34. Bg4 Bd7 35. Bh3 b5 36. axb5 axb5 37. Qg1 g6 38. Qa1 Bc6 39. Qa6 Qb7 40. Qa1 Rd8 41. Qg1 Bxf3 42. Bxe6 Bh5 43. Rxh5 1-0

[Event "Winnipeg TNT July op"]
[Site "Winnipeg CAN"]
[Date "2007.07.17"]
[Round "3"]
[White "Campbell, Gary"]
[Black "Goodman, Clifford"]
[Result "1-0"]
[WhiteElo "1710"]
[BlackElo "1564"]
[PlyCount "68"]
[GameId "2160767910667609"]
[EventDate "2007.07.03"]
[EventType "swiss"]
[EventRounds "5"]
[EventCountry "CAN"]
[SourceTitle "EXT 2019"]
[Source "ChessBase"]
[SourceDate "2018.10.10"]
[SourceVersion "1"]
[SourceVersionDate "2018.10.10"]
[SourceQuality "1"]

1. d4 d5 2. c4 c6 3. Nf3 Nf6 4. Nc3 Bf5 5. cxd5 Nxd5 6. Qb3 Qc7 7. Nxd5 cxd5 8. Qxd5 e6 9. Qb3 a5 10. Bd2 Bc2 11. Qb5+ Qc6 12. e3 Ba4 13. Qxc6+ Bxc6 14. Be2 Na6 15. a3 Nc7 16. O-O Bd6 17. Rfc1 O-O 18. h3 a4 19. Bb4 Bxb4 20. axb4 Nd5 21. b5 Bd7 22. Ne5 Rfd8 23. e4 Nf4 24. Bf1 f6 25. Nxd7 Rxd7 26. g3 Ng6 27. Rc4 Rad8 28. Raxa4 Ne7 29. g4 Nc8 30. Rc1 Nb6 31. Ra7 Rxd4 32. Rxb7 Na4 33. Rcc7 Rxe4 34. Bd3 Rxd3 1-0

[Event "Winnipeg TNT July op"]
[Site "Winnipeg CAN"]
[Date "2007.07.17"]
[Round "3"]
[White "Gibbons, Lorne"]
[Black "Pottinger, Carl"]
[Result "0-1"]
[WhiteElo "1282"]
[BlackElo "1856"]
[PlyCount "60"]
[GameId "2160767910667610"]
[EventDate "2007.07.03"]
[EventType "swiss"]
[EventRounds "5"]
[EventCountry "CAN"]
[SourceTitle "EXT 2019"]
[Source "ChessBase"]
[SourceDate "2018.10.10"]
[SourceVersion "1"]
[SourceVersionDate "2018.10.10"]
[SourceQuality "1"]

1. d4 Nf6 2. c4 e6 3. Nf3 d5 4. cxd5 exd5 5. Bf4 Bg4 6. Ne5 Bf5 7. f3 Nbd7 8. g4 Bxb1 9. Rxb1 Bb4+ 10. Kf2 Be7 11. Qb3 Nb6 12. e3 c6 13. Bd3 Nfd7 14. Nxd7 Qxd7 15. Bf5 Qd8 16. Bg3 Bd6 17. a4 Rb8 18. Rhc1 O-O 19. Qc2 g6 20. Bd3 Bxg3+ 21. Kxg3 Qd6+ 22. f4 Rfe8 23. Re1 Re7 24. Re2 Rbe8 25. Rbe1 Nd7 26. h4 Nf6 27. Kf3 Ne4 28. g5 Qd7 29. Rh2 Qf5 30. Reh1 Nxg5+ 0-1

[Event "Winnipeg TNT July op"]
[Site "Winnipeg CAN"]
[Date "2007.07.17"]
[Round "3"]
[White "Khedkar, Jay S"]
[Black "Lauritson, Jim"]
[Result "1/2-1/2"]
[WhiteElo "2005"]
[BlackElo "1929"]
[PlyCount "56"]
[GameId "2160767910667611"]
[EventDate "2007.07.03"]
[EventType "swiss"]
[EventRounds "5"]
[EventCountry "CAN"]
[SourceTitle "EXT 2019"]
[Source "ChessBase"]
[SourceDate "2018.10.10"]
[SourceVersion "1"]
[SourceVersionDate "2018.10.10"]
[SourceQuality "1"]

1. e4 c5 2. Nf3 e6 3. d4 cxd4 4. Nxd4 Nc6 5. g3 Nf6 6. Bg2 a6 7. O-O Qc7 8. Re1 Nxd4 9. Qxd4 Bc5 10. Qc3 O-O 11. Be3 d6 12. e5 Nd5 13. Bxd5 exd5 14. exd6 Bxd6 15. Bd4 Qxc3 16. Nxc3 Be6 17. Rad1 Bb4 18. Re3 Rac8 19. Na4 Rxc2 20. Rb3 Bg4 21. f3 Rc4 22. fxg4 b5 23. Bc3 Bd6 24. Rxd5 bxa4 25. Rb7 Bc5+ 26. Kg2 a3 27. Kf3 axb2 28. Bxb2 Rb4 1/2-1/2

[Event "Winnipeg TNT July op"]
[Site "Winnipeg CAN"]
[Date "2007.07.17"]
[Round "3"]
[White "Magnusson, Saul"]
[Black "Gibson, Fred"]
[Result "0-1"]
[WhiteElo "915"]
[BlackElo "1334"]
[PlyCount "61"]
[GameId "2160767910667612"]
[EventDate "2007.07.03"]
[EventType "swiss"]
[EventRounds "5"]
[EventCountry "CAN"]
[SourceTitle "EXT 2019"]
[Source "ChessBase"]
[SourceDate "2018.10.10"]
[SourceVersion "1"]
[SourceVersionDate "2018.10.10"]
[SourceQuality "1"]

1. e4 c5 2. Nf3 d6 3. c3 a6 4. d4 cxd4 5. cxd4 Nf6 6. Nc3 g6 7. Be2 Bg7 8. O-O O-O 9. Bd2 Qb6 10. Na4 Qa7 11. Nc3 Nc6 12. Be3 Ng4 13. Qb3 Nxe3 14. fxe3 e6 15. Rf2 b5 16. Rc1 Rb8 17. a3 b4 18. Na2 Bb7 19. Nxb4 Nxb4 20. Qxb4 Bxe4 21. Qxd6 Rb6 22. Qc5 Qb7 23. b4 Rc6 24. Bxa6 Qxa6 25. b5 Rxc5 26. Rxc5 Qxa3 27. Nd2 Bd5 28. Nb1 Qxe3 29. b6 Bxd4 30. Rcc2 Rb8 31. Kh1 0-1